[Event "XXI Festival A"]
[Site "Porto San Giorgio ITA"]
[Date "2009.08.25"]
[Round "5"]
[White "Movsziszian, Karen"]
[Black "Jovanic, Ognjen"]
[Result "0-1"]
[WhiteElo "2570"]
[BlackElo "2541"]
[PlyCount "110"]
[EventDate "2009.08.21"]

1. g3 d5 2. Bg2 Nf6 3. Nf3 Bf5 4. d3 e6 5. O-O h6 6. Qe1 Be7 7. Nc3 O-O 8. e4
Bh7 9. Ne5 c6 10. f4 Nbd7 11. Nxd7 Nxd7 12. Kh1 Re8 13. Bd2 Qb6 14. b3 dxe4 15.
dxe4 Rad8 16. Bf3 Qc7 17. Nd1 Bc5 18. a4 Bd4 19. Ra2 b5 20. c3 Bb6 21. Nf2 bxa4
22. bxa4 Nc5 23. Qe2 Nb3 24. Be3 Bxe3 25. Qxe3 Qb6 26. Qe2 Qa5 27. Rb1 Nc5 28.
Qc4 Kh8 29. Qb4 Qxb4 30. Rxb4 e5 31. Rc4 Nb3 32. Rxc6 exf4 33. Rc7 fxg3 34.
hxg3 Nd2 35. Bg2 a5 36. Rb2 Nxe4 37. Nxe4 Bxe4 38. Rxf7 Rd3 39. Rf4 Bxg2+ 40.
Kxg2 Rxc3 41. Rb5 Ree3 42. g4 Re2+ 43. Rf2 Re4 44. g5 Rg4+ 45. Kh2 Rh4+ 46. Kg2
Rxa4 47. gxh6 gxh6 48. Rb7 Rg4+ 49. Kh2 Rh4+ 50. Kg2 Rg4+ 51. Kh2 Rc5 52. Rf8+
Rg8 53. Rxg8+ Kxg8 54. Ra7 Rf5 55. Kg3 h5 0-1

[Event "XXI Festival A"]
[Site "Porto San Giorgio ITA"]
[Date "2009.08.25"]
[Round "5"]
[White "Nemeth, Miklos"]
[Black "Sanikidze, Tornike"]
[Result "1/2-1/2"]
[WhiteElo "2486"]
[BlackElo "2559"]
[PlyCount "20"]
[EventDate "2009.08.21"]

1. e4 c5 2. Nf3 Nc6 3. d4 cxd4 4. Nxd4 Nf6 5. Nc3 d6 6. h3 e5 7. Nde2 Be6 8. f4
exf4 9. Nxf4 Be7 10. Be3 Qd7 1/2-1/2

[Event "XXI Festival A"]
[Site "Porto San Giorgio ITA"]
[Date "2009.08.25"]
[Round "5"]
[White "Parenti, Davide"]
[Black "Mrdja, Milan"]
[Result "0-1"]
[WhiteElo "2037"]
[BlackElo "2418"]
[PlyCount "134"]
[EventDate "2009.08.21"]

1. d4 Nf6 2. c4 e6 3. Nc3 Bb4 4. e3 c5 5. Bd3 Nc6 6. Nge2 d6 7. O-O Bxc3 8.
bxc3 Qc7 9. Ng3 b6 10. Bb2 Na5 11. Qe2 Ba6 12. Rac1 Rc8 13. e4 O-O 14. f4 Ne8
15. f5 e5 16. f6 g6 17. Rf2 cxd4 18. cxd4 Nc6 19. Nf5 Kh8 20. Ne7 Nxe7 21. fxe7
Qxe7 22. dxe5 dxe5 23. c5 Bxd3 24. Qxd3 bxc5 25. Qd5 f6 26. Ba3 Rf7 27. Rfc2
Qd7 28. Rxc5 Rxc5 29. Rxc5 Kg7 30. Ra5 Qc7 31. Bc5 Rd7 32. Rxa7 Qxa7 33. Bxa7
Rxd5 34. exd5 Kf7 35. Bb8 Ke7 36. Kf2 Nd6 37. Ke2 Nc4 38. Kd3 Nb6 39. d6+ Kd7
40. Ke4 Na4 41. Kd3 Kc6 42. g4 Nc5+ 43. Ke3 Na6 44. d7 Kxd7 45. Ba7 Ke6 46. h4
Kd5 47. a3 h5 48. gxh5 gxh5 49. Bb6 Nc5 50. Bd8 f5 51. Bg5 Na4 52. Bh6 Nb2 53.
Kf3 Kd4 54. Bg7 Kd5 55. Bh6 Na4 56. Bg5 Nc5 57. Bh6 Kd4 58. Be3+ Kd5 59. Bh6
Ne6 60. a4 f4 61. a5 e4+ 62. Kf2 Kc6 63. a6 Kb6 64. a7 Kxa7 65. Bxf4 Nxf4 66.
Ke3 Ng2+ 67. Kxe4 Nxh4 0-1

[Event "XXI Festival A"]
[Site "Porto San Giorgio ITA"]
[Date "2009.08.25"]
[Round "5"]
[White "Passerotti, Pierluigi"]
[Black "Gianfelici, Edoardo"]
[Result "1-0"]
[WhiteElo "2302"]
[BlackElo "2002"]
[PlyCount "123"]
[EventDate "2009.08.21"]

1. d4 Nf6 2. c4 g6 3. Nc3 Bg7 4. e4 d6 5. Be2 O-O 6. Nf3 e5 7. O-O Nc6 8. d5
Ne7 9. Ne1 Nd7 10. f3 f5 11. g4 Kh8 12. Be3 Ng8 13. Qd2 f4 14. Bf2 h5 15. h3
Bf6 16. Ng2 a5 17. Rfb1 Nc5 18. Bd1 Bd7 19. b3 Rf7 20. a3 Rh7 21. b4 axb4 22.
axb4 Rxa1 23. Rxa1 Na6 24. c5 Nxb4 25. cxd6 cxd6 26. Rb1 Na6 27. Rxb7 Nc5 28.
Bxc5 dxc5 29. Qa2 hxg4 30. hxg4 Bc8 31. Rxh7+ Kxh7 32. Qa7+ Qe7 33. Qxe7+ Bxe7
34. Be2 Nh6 35. Ne1 Nf7 36. Nc2 Kg7 37. Kf1 Kf6 38. Na3 Nd6 39. Nc4 Nxc4 40.
Bxc4 Bd7 41. Bb5 Bc8 42. Na4 Bd6 43. Nb6 Bb7 44. Ke2 Ke7 45. Kd3 Bc7 46. Na4
Kd6 47. Kc4 Bc8 48. Nxc5 g5 49. Bc6 Bb6 50. Na4 Bd4 51. Kb5 Kc7 52. Nc5 Kd6 53.
Nb3 Bc3 54. Be8 Be1 55. Na1 Bf2 56. Nc2 Bc5 57. Bc6 Ba7 58. Na3 Bb8 59. Nc4+
Ke7 60. Kb6 Bd6 61. Nxd6 Kxd6 62. Bb5 1-0

[Event "XXI Festival A"]
[Site "Porto San Giorgio ITA"]
[Date "2009.08.25"]
[Round "5"]
[White "Peredy, Ferenc"]
[Black "Ortega, Lexy"]
[Result "0-1"]
[WhiteElo "2277"]
[BlackElo "2437"]
[PlyCount "62"]
[EventDate "2009.08.21"]

1. Nf3 d5 2. d4 Nf6 3. c4 c6 4. cxd5 cxd5 5. Nc3 Nc6 6. Bf4 Bf5 7. e3 e6 8. Bd3
Bxd3 9. Qxd3 Bb4 10. O-O Bxc3 11. Qxc3 Ne4 12. Qb3 Qd7 13. Rfc1 f6 14. Ne1 g5
15. Bg3 h5 16. f3 h4 17. Bc7 Rc8 18. fxe4 dxe4 19. Qxb7 Rxc7 20. Qa6 Nb4 21.
Qa3 Nd5 22. b4 h3 23. g3 O-O 24. Rxc7 Qxc7 25. Rc1 Qb6 26. Rb1 Rc8 27. b5 Rc3
28. Rb3 Rxb3 29. Qxb3 Qa5 30. Kf1 Qd2 31. Nc2 Qxc2 0-1

[Event "XXI Festival A"]
[Site "Porto San Giorgio ITA"]
[Date "2009.08.25"]
[Round "5"]
[White "Piva, Giorgio"]
[Black "Stromboli, Carlo"]
[Result "1/2-1/2"]
[WhiteElo "2159"]
[BlackElo "2289"]
[PlyCount "136"]
[EventDate "2009.08.21"]

1. d4 e6 2. Bf4 Nf6 3. e3 b6 4. Nf3 Bb7 5. Bd3 Be7 6. h3 d6 7. Nbd2 Nbd7 8. Bh2
a6 9. a4 Ra7 10. Qe2 Qa8 11. e4 d5 12. exd5 Nxd5 13. O-O O-O 14. c3 c5 15. Ne5
N5f6 16. f4 Rd8 17. Rae1 Nf8 18. f5 Bc8 19. fxe6 Bxe6 20. dxc5 Bxc5+ 21. Kh1
N8d7 22. Ne4 Be7 23. Ng5 Nxe5 24. Bxe5 Bd5 25. Bd4 Qc6 26. Qf2 h6 27. Ne4 Nxe4
28. Bxe4 Bc5 29. Bxd5 Qxd5 30. Bxc5 bxc5 31. Re2 Qc4 32. Rfe1 Qxa4 33. Qxc5
Raa8 34. Re4 Qc2 35. R1e2 Qc1+ 36. Kh2 Rab8 37. Qf2 Qd1 38. Qf3 Qb1 39. Qf2 Qd3
40. Qg3 Qb1 41. Rg4 g6 42. Rd4 Rbc8 43. Rxd8+ Rxd8 44. Qc7 Qd3 45. Re7 Rf8 46.
b4 Qf5 47. Qe5 Qxe5+ 48. Rxe5 Rc8 49. Re3 f5 50. Kg1 Kf7 51. Kf2 a5 52. bxa5
Rc5 53. Ke2 Rxa5 54. Kd3 Ra2 55. Re2 Rxe2 56. Kxe2 Ke6 57. h4 g5 58. hxg5 hxg5
59. Ke3 Kd5 60. Kd3 f4 61. c4+ Ke5 62. c5 g4 63. c6 Kd6 64. Ke4 f3 65. gxf3 g3
66. Ke3 Kxc6 67. f4 Kd6 68. Kf3 Ke6 1/2-1/2

[Event "XXI Festival A"]
[Site "Porto San Giorgio ITA"]
[Date "2009.08.25"]
[Round "5"]
[White "Rago, Riccardo"]
[Black "Curtacci, Sergio"]
[Result "1-0"]
[WhiteElo "2088"]
[BlackElo "1952"]
[PlyCount "55"]
[EventDate "2009.08.21"]

1. e4 c6 2. d4 d5 3. Nc3 dxe4 4. Nxe4 Nf6 5. Nxf6+ exf6 6. Nf3 Bd6 7. Be2 O-O
8. O-O Qc7 9. c4 Bg4 10. h3 Bf5 11. Be3 Re8 12. Qd2 c5 13. Rac1 Na6 14. d5 h6
15. a3 Qd7 16. Rfe1 g5 17. Bf1 Bg6 18. Bd3 Bh5 19. Nxg5 Rxe3 20. Nh7 Rxe1+ 21.
Rxe1 Kg7 22. g4 Bg6 23. Nxf6 Kxf6 24. Qxh6 Bf4 25. Qxf4+ Kg7 26. Bxg6 Kxg6 27.
Re5 Qd8 28. Rh5 1-0

[Event "XXI Festival A"]
[Site "Porto San Giorgio ITA"]
[Date "2009.08.25"]
[Round "5"]
[White "Roeder, Matthias"]
[Black "Liguori, Renato"]
[Result "1-0"]
[WhiteElo "2438"]
[BlackElo "2107"]
[PlyCount "71"]
[EventDate "2009.08.21"]

1. Nf3 Nf6 2. c4 g6 3. Nc3 Bg7 4. e4 d6 5. d4 O-O 6. h3 e5 7. d5 a5 8. Bg5 h6
9. Be3 Na6 10. Nd2 Ne8 11. g4 f5 12. gxf5 gxf5 13. exf5 Bxf5 14. Nde4 Qh4 15.
Ng3 Nc5 16. Nxf5 Rxf5 17. Qg4 Qf6 18. Rg1 h5 19. Qg6 Qxg6 20. Rxg6 Kf7 21. Rg2
Nf6 22. Kd2 Rf8 23. Bd3 Nxd3 24. Kxd3 Rf3 25. Rag1 Ne8 26. Ne4 Bf6 27. Rh1 Bh4
28. Ke2 Ke7 29. Rg6 R3f5 30. c5 Nf6 31. cxd6+ cxd6 32. Rg7+ Kd8 33. Bb6+ Kc8
34. Nxd6+ Kb8 35. Bc7+ Ka7 36. Nxf5 1-0

[Event "XXI Festival A"]
[Site "Porto San Giorgio ITA"]
[Date "2009.08.25"]
[Round "5"]
[White "Trent, Lawrence"]
[Black "Parpinel, Marco"]
[Result "1-0"]
[WhiteElo "2471"]
[BlackElo "2165"]
[PlyCount "109"]
[EventDate "2009.08.21"]

1. e4 e5 2. Nf3 Nc6 3. Bc4 Nf6 4. Ng5 d5 5. exd5 Na5 6. Bb5+ Bd7 7. Qe2 Be7 8.
Nc3 O-O 9. O-O Bg4 10. f3 Bh5 11. Bd3 c6 12. g4 Bg6 13. Bxg6 hxg6 14. d6 Bxd6
15. d3 b5 16. Qe1 Nh7 17. Nxh7 Kxh7 18. Ne4 Be7 19. g5 Nb7 20. f4 Nc5 21. fxe5
Nxe4 22. Qh4+ Kg8 23. Qxe4 Bxg5 24. Bf4 Bxf4 25. Rxf4 Qg5+ 26. Kh1 Rae8 27. d4
Re6 28. Raf1 Qd8 29. Kg1 Qd5 30. a3 g5 31. Qxd5 cxd5 32. Rf5 f6 33. exf6 Rexf6
34. Rxf6 Rxf6 35. Re1 g6 36. Re7 Rf7 37. Rxf7 Kxf7 38. Kg2 Kf6 39. Kf3 Kf5 40.
h3 a5 41. Kg3 g4 42. h4 b4 43. a4 Ke4 44. Kxg4 Kxd4 45. Kf4 Kc4 46. Ke5 d4 47.
Ke4 b3 48. cxb3+ Kxb3 49. Kxd4 Kb4 50. Kd5 Kb3 51. Kc5 g5 52. hxg5 Kxa4 53. g6
Kb3 54. g7 Ka4 55. b3+ 1-0

[Event "XXI Festival A"]
[Site "Porto San Giorgio ITA"]
[Date "2009.08.25"]
[Round "5"]
[White "Vuelban, Virgilio"]
[Black "Epishin, Vladimir V."]
[Result "0-1"]
[WhiteElo "2404"]
[BlackElo "2592"]
[PlyCount "80"]
[EventDate "2009.08.21"]

1. e4 c5 2. Nf3 a6 3. c3 e6 4. d4 d5 5. e5 Bd7 6. Bd3 Bb5 7. O-O Bxd3 8. Qxd3
Nc6 9. Be3 cxd4 10. cxd4 Nge7 11. a3 Nf5 12. b4 Be7 13. Nc3 O-O 14. Bd2 f6 15.
g4 fxe5 16. gxf5 e4 17. Nxe4 dxe4 18. Qxe4 exf5 19. Qe6+ Kh8 20. Bc3 Rf6 21.
Qb3 Rd6 22. Rad1 Qg8 23. Qxg8+ Kxg8 24. Ne5 Rad8 25. Nxc6 Rg6+ 26. Kh1 Rxc6 27.
Rd3 Bf6 28. Re1 Kf7 29. Kg2 Rc4 30. Kf3 g5 31. Red1 g4+ 32. Kf4 Kg6 33. h3 h5
34. hxg4 fxg4 35. f3 Rf8 36. Kg3 gxf3 37. Rf1 f2 38. Kg2 Bh4 39. d5 Rg4+ 40.
Kh3 Rg1 0-1

[Event "XXI Festival A"]
[Site "Porto San Giorgio ITA"]
[Date "2009.08.26"]
[Round "6"]
[White "Aleksic, Nenad"]
[Black "Mogranzini, Roberto"]
[Result "1/2-1/2"]
[WhiteElo "2367"]
[BlackElo "2415"]
[PlyCount "26"]
[EventDate "2009.08.21"]

1. e4 c5 2. Nf3 e6 3. Nc3 a6 4. g3 Nc6 5. d4 cxd4 6. Nxd4 Qc7 7. Bg2 Nf6 8. O-O
Bc5 9. Nce2 O-O 10. c4 d6 11. h3 h6 12. b3 Rd8 13. Bb2 Nxd4 1/2-1/2

[Event "XXI Festival A"]
[Site "Porto San Giorgio ITA"]
[Date "2009.08.26"]
[Round "6"]
[White "Altini, Daniele"]
[Black "Vuelban, Virgilio"]
[Result "0-1"]
[WhiteElo "2236"]
[BlackElo "2404"]
[PlyCount "116"]
[EventDate "2009.08.21"]

1. d4 Nf6 2. Bf4 c5 3. e3 g6 4. c3 cxd4 5. exd4 Bg7 6. Nf3 O-O 7. Be2 d6 8. O-O
Qb6 9. Qb3 Qc7 10. Nbd2 Nc6 11. h3 Bf5 12. a4 Rac8 13. Rfe1 Na5 14. Qa3 Nd5 15.
Bg3 Bh6 16. c4 Nf4 17. Bf1 Rfe8 18. b4 Nc6 19. d5 Ne5 20. Nxe5 dxe5 21. Ne4
Bxe4 22. Rxe4 f5 23. Ree1 g5 24. Bxf4 gxf4 25. c5 e4 26. Rad1 Rcd8 27. Bb5 Rf8
28. Bc4 Kh8 29. Kh1 Bg7 30. f3 Qe5 31. b5 Rf6 32. c6 b6 33. Qd3 e3 34. Qa3 Qc7
35. Qb4 Rfd6 36. Bb3 Be5 37. Qc4 Rg6 38. Re2 Rg5 39. Qc2 Rd6 40. Bc4 Rh6 41.
Bd3 Rf6 42. Rc1 Bd6 43. Qc4 Kg7 44. Ra1 Be5 45. Raa2 Rh6 46. Qb4 Rd6 47. Bc4 e6
48. dxe6 Rd1+ 49. Kh2 Bd6 50. Qc3+ Kg6 51. Qh8 Be7 52. Qe8+ Kh6 53. Qa8 Rg7 54.
g4 fxg3+ 55. Kg2 Bc5 56. e7 Rg1+ 57. Kxg1 g2 58. Ra1 Qg3 0-1

[Event "XXI Festival A"]
[Site "Porto San Giorgio ITA"]
[Date "2009.08.26"]
[Round "6"]
[White "Borgiani, Flavio"]
[Black "Occhipinti, Giuseppe"]
[Result "1-0"]
[WhiteElo "2185"]
[BlackElo "1980"]
[PlyCount "55"]
[EventDate "2009.08.21"]

1. d4 d5 2. Nc3 Bf5 3. f3 Nf6 4. Bg5 Nbd7 5. Nxd5 Nxd5 6. e4 Bxe4 7. fxe4 h6 8.
Bd2 N5b6 9. e5 e6 10. Nf3 c5 11. c3 cxd4 12. cxd4 Be7 13. Bd3 O-O 14. Qe2 f6
15. exf6 Rxf6 16. O-O Nf8 17. Kh1 Nd5 18. Ne5 Bd6 19. Ng4 Rxf1+ 20. Rxf1 Qe7
21. Bxh6 Qh4 22. Bd2 Nf6 23. Nxf6+ gxf6 24. g3 Qxd4 25. Bc3 Qd5+ 26. Be4 Qg5
27. Bxf6 Qh6 28. Qg4+ 1-0

[Event "XXI Festival A"]
[Site "Porto San Giorgio ITA"]
[Date "2009.08.26"]
[Round "6"]
[White "Calandri, Fausto"]
[Black "Passerotti, Pierluigi"]
[Result "0-1"]
[WhiteElo "2131"]
[BlackElo "2302"]
[PlyCount "46"]
[EventDate "2009.08.21"]

1. e4 c5 2. Nf3 e6 3. d4 cxd4 4. Nxd4 a6 5. Nc3 b5 6. g3 b4 7. Na4 Bb7 8. Bg2
Nf6 9. Qe2 Nc6 10. Be3 Qa5 11. b3 Nxd4 12. Bxd4 Qb5 13. Qd3 Be7 14. O-O O-O 15.
Rac1 d5 16. Nb6 Rad8 17. Qxb5 axb5 18. exd5 Nxd5 19. Rfd1 Rfe8 20. Rd3 Nc3 21.
Bxc3 Bxg2 22. Nd7 Be4 23. Rd4 bxc3 0-1

[Event "XXI Festival A"]
[Site "Porto San Giorgio ITA"]
[Date "2009.08.26"]
[Round "6"]
[White "Calavalle, Giulio"]
[Black "Trent, Lawrence"]
[Result "0-1"]
[WhiteElo "2228"]
[BlackElo "2471"]
[PlyCount "88"]
[EventDate "2009.08.21"]

1. e4 c5 2. Nc3 e6 3. f4 Nc6 4. Nf3 a6 5. g3 d5 6. d3 Nf6 7. Bg2 b5 8. Ne5 Bb7
9. Nxc6 Bxc6 10. e5 Nd7 11. Be3 Rc8 12. Bf2 Be7 13. Ne2 d4 14. Bxc6 Rxc6 15. c3
dxc3 16. Nxc3 Nb6 17. Ne4 O-O 18. Qf3 Qd5 19. O-O f5 20. exf6 gxf6 21. Qe2 f5
22. Nc3 Qd7 23. Rad1 Bf6 24. Qc2 Rfc8 25. Rfe1 Rd6 26. Ne2 Na4 27. Nc3 Nxb2 28.
Qxb2 b4 29. Re5 Bxe5 30. fxe5 bxc3 31. Qxc3 Rd5 32. Be3 Qa4 33. Rf1 Rcd8 34.
Qc1 Rxd3 35. Qxc5 Qd7 36. g4 Rd1 37. gxf5 Qg7+ 38. Kf2 Rxf1+ 39. Kxf1 Rd1+ 40.
Kf2 Qg1+ 41. Kf3 Qf1+ 42. Bf2 Qd3+ 43. Be3 Qxf5+ 44. Ke2 Qf1# 0-1

[Event "XXI Festival A"]
[Site "Porto San Giorgio ITA"]
[Date "2009.08.26"]
[Round "6"]
[White "Calzetta Ruiz, Monica"]
[Black "Movsziszian, Karen"]
[Result "0-1"]
[WhiteElo "2344"]
[BlackElo "2570"]
[PlyCount "62"]
[EventDate "2009.08.21"]

1. e4 g6 2. d4 d6 3. Nc3 a6 4. Be3 b5 5. Qd2 Bb7 6. f3 Nd7 7. h4 h6 8. O-O-O
Bg7 9. Kb1 Rc8 10. d5 Ngf6 11. Nce2 c6 12. dxc6 Bxc6 13. Nd4 Bb7 14. g4 d5 15.
h5 e5 16. hxg6 exd4 17. gxf7+ Kxf7 18. Bxd4 dxe4 19. Nh3 Kg8 20. Nf4 Qe8 21.
Re1 Qf7 22. Bh3 Re8 23. Rhg1 Ne5 24. Bxe5 Rxe5 25. g5 Nd5 26. gxh6 Rxh6 27.
Nxd5 e3 28. Nxe3 Rxh3 29. Qd8+ Re8 30. Rxg7+ Kxg7 31. Nf5+ Kh7 0-1

[Event "XXI Festival A"]
[Site "Porto San Giorgio ITA"]
[Date "2009.08.26"]
[Round "6"]
[White "Caprio, Guido"]
[Black "Fiorentini, Paolo"]
[Result "1-0"]
[WhiteElo "2212"]
[BlackElo "1973"]
[PlyCount "53"]
[EventDate "2009.08.21"]

1. a3 e5 2. c4 Nf6 3. d3 d5 4. cxd5 Nxd5 5. Nf3 Nc6 6. g3 f6 7. Bg2 Be6 8. Nc3
Qd7 9. O-O O-O-O 10. Bd2 h5 11. h4 Bh3 12. Nxe5 fxe5 13. Bxd5 Bxf1 14. Qxf1 Kb8
15. Be4 Nd4 16. Qd1 Be7 17. Nd5 Bf6 18. Rc1 c6 19. Nb4 Qg4 20. Kf1 Rhf8 21. Be3
g5 22. Bxd4 exd4 23. Nxc6+ bxc6 24. Qb3+ Kc7 25. Rxc6+ Kd7 26. Qb7+ Ke8 27.
Bg6+ 1-0

[Event "XXI Festival A"]
[Site "Porto San Giorgio ITA"]
[Date "2009.08.26"]
[Round "6"]
[White "Epishin, Vladimir V."]
[Black "Nemeth, Miklos"]
[Result "1-0"]
[WhiteElo "2592"]
[BlackElo "2486"]
[PlyCount "93"]
[EventDate "2009.08.21"]

1. d4 f5 2. Nf3 Nf6 3. g3 g6 4. Bg2 Bg7 5. b4 c6 6. a4 O-O 7. O-O Ne4 8. c3 d5
9. a5 Nd7 10. Bf4 h6 11. a6 bxa6 12. Ne5 Nxe5 13. Bxe5 Bxe5 14. dxe5 Qb6 15. e3
Bb7 16. Re1 c5 17. f3 Ng5 18. bxc5 Qxc5 19. Nd2 Ne6 20. Nb3 Qb6 21. Na5 Rad8
22. Nxb7 Qxb7 23. f4 Nc5 24. c4 Ne4 25. Qd4 Kg7 26. Reb1 Qc6 27. Qxa7 Ra8 28.
Qxe7+ Rf7 29. cxd5 Qxd5 30. Qb4 a5 31. Qd4 Rd8 32. Rd1 Qb3 33. Rdb1 Rxd4 34.
Rxb3 Rd2 35. Rba3 Rc7 36. Rxa5 Nc3 37. Ra7 Rd1+ 38. Rxd1 Rxa7 39. Rd2 Ra1+ 40.
Kf2 Nd1+ 41. Kf3 h5 42. Rd7+ Kf8 43. Bf1 Nc3 44. Bd3 Rd1 45. e6 Ke8 46. h3 Rd2
47. Bxf5 1-0

[Event "XXI Festival A"]
[Site "Porto San Giorgio ITA"]
[Date "2009.08.26"]
[Round "6"]
[White "Estremera Panos, Sergio"]
[Black "Kohlweyer, Bernd"]
[Result "1/2-1/2"]
[WhiteElo "2394"]
[BlackElo "2418"]
[PlyCount "43"]
[EventDate "2009.08.21"]

1. d4 Nf6 2. c4 g6 3. Nc3 Bg7 4. e4 O-O 5. Nf3 c6 6. Bd3 d6 7. O-O Bg4 8. h3
Bxf3 9. Qxf3 Nfd7 10. Be3 a6 11. Qd1 b5 12. cxb5 axb5 13. a3 Nb6 14. Qe2 Na4
15. Nxa4 bxa4 16. Rac1 Qb6 17. Rc4 Nd7 18. Rfc1 c5 19. e5 Qd8 20. exd6 exd6 21.
dxc5 Nxc5 22. Bxc5 1/2-1/2

[Event "XXI Festival A"]
[Site "Porto San Giorgio ITA"]
[Date "2009.08.26"]
[Round "6"]
[White "Farago, Ivan"]
[Black "Kizov, Atanas"]
[Result "0-1"]
[WhiteElo "2511"]
[BlackElo "2397"]
[PlyCount "58"]
[EventDate "2009.08.21"]

1. d4 d5 2. c4 dxc4 3. Nf3 a6 4. e3 b5 5. a4 Bb7 6. b3 e6 7. bxc4 bxc4 8. Bxc4
c5 9. Ba3 Nf6 10. Nbd2 Nbd7 11. O-O Be7 12. Rb1 Ra7 13. Nb3 Ne4 14. Rc1 O-O 15.
dxc5 Nexc5 16. Nfd4 Nxb3 17. Qxb3 Bxa3 18. Qxa3 Qg5 19. f3 Qe5 20. Rfd1 Nf6 21.
e4 Ba8 22. Ne2 Qa5 23. Rd6 Rc7 24. Rxa6 Qd2 25. Qc3 Qd8 26. Qe3 Bxe4 27. fxe4
Rxc4 28. h3 Rxe4 29. Qf3 Qd2 0-1

[Event "XXI Festival A"]
[Site "Porto San Giorgio ITA"]
[Date "2009.08.26"]
[Round "6"]
[White "Fedorchuk, Sergey A."]
[Black "Lalic, Bogdan"]
[Result "1/2-1/2"]
[WhiteElo "2655"]
[BlackElo "2517"]
[PlyCount "74"]
[EventDate "2009.08.21"]

1. e4 e5 2. Nf3 Nc6 3. Bb5 a6 4. Ba4 Nf6 5. O-O Be7 6. Re1 b5 7. Bb3 O-O 8. d4
Nxd4 9. Nxd4 exd4 10. e5 Ne8 11. c3 dxc3 12. Nxc3 d6 13. Qf3 Be6 14. Nd5 Rc8
15. Bf4 c6 16. Nxe7+ Qxe7 17. exd6 Nxd6 18. Rad1 Rfd8 19. Bxe6 fxe6 20. Qa3 Nf5
21. Qxa6 Qf6 22. Rxd8+ Rxd8 23. h3 Qxb2 24. Qxc6 Qxa2 25. Qxb5 Qd5 26. Qb6 Re8
27. Re5 Qd1+ 28. Kh2 Qd4 29. Qxd4 Nxd4 30. Rc5 Re7 31. g4 e5 32. Be3 Kf7 33.
Kg2 Ke6 34. h4 Kd6 35. Rc8 Kd5 36. h5 Ke4 37. h6 gxh6 1/2-1/2

[Event "XXI Festival A"]
[Site "Porto San Giorgio ITA"]
[Date "2009.08.26"]
[Round "6"]
[White "Fierro Baquero, Martha Lorena"]
[Black "Piantoni, Roberto"]
[Result "0-1"]
[WhiteElo "2394"]
[BlackElo "2111"]
[PlyCount "84"]
[EventDate "2009.08.21"]

1. e4 c6 2. d4 d5 3. exd5 cxd5 4. c4 Nf6 5. Nc3 Nc6 6. Bg5 Bg4 7. f3 Be6 8. c5
Nd7 9. Be3 Nxc5 10. Nge2 Nd7 11. Nf4 Nf6 12. Nxe6 fxe6 13. f4 g6 14. Be2 Bg7
15. O-O O-O 16. Rc1 Rc8 17. Na4 b6 18. Ba6 Rc7 19. a3 Na5 20. Qd3 Nb7 21. Rxc7
Qxc7 22. Rc1 Qd7 23. Bb5 Qd8 24. h3 Nd6 25. Nc3 Nfe4 26. Rd1 Nxc3 27. bxc3 Qc7
28. Ba6 Bh6 29. Rf1 Ne4 30. c4 Bxf4 31. Bxf4 Rxf4 32. Rxf4 Qxf4 33. Bc8 Kf7 34.
Bb7 Nd6 35. Ba6 dxc4 36. Qc3 b5 37. a4 bxa4 38. Bxc4 Nxc4 39. Qxc4 Qe3+ 40. Kh2
a3 41. Qf1+ Kg7 42. Qa6 Qxd4 0-1

[Event "XXI Festival A"]
[Site "Porto San Giorgio ITA"]
[Date "2009.08.26"]
[Round "6"]
[White "Gordon, Stephen J."]
[Black "Izsak, Gyula"]
[Result "1/2-1/2"]
[WhiteElo "2537"]
[BlackElo "2444"]
[PlyCount "167"]
[EventDate "2009.08.21"]

1. d4 Nf6 2. c4 e6 3. Nc3 d5 4. cxd5 exd5 5. Bg5 c6 6. Qc2 Be7 7. e3 Nbd7 8.
Bd3 O-O 9. Nge2 Re8 10. O-O Nf8 11. f3 Ng6 12. Rad1 Be6 13. h3 Rc8 14. a3 Qc7
15. Nf4 Nxf4 16. Bxf4 Qd8 17. Be5 h6 18. Ne2 Nd7 19. Bf4 Nf8 20. Qd2 Bd6 21.
Bb1 Bxf4 22. Nxf4 Qg5 23. g4 b6 24. Qh2 Qh4 25. Qf2 Qxf2+ 26. Kxf2 Bd7 27. Rd2
Ne6 28. Bf5 Re7 29. Bxe6 Bxe6 30. Rc1 Rec7 31. h4 g6 32. g5 hxg5 33. hxg5 c5
34. dxc5 Rxc5 35. Rxc5 Rxc5 36. Ne2 Kf8 37. Nd4 Ke7 38. Rd1 a6 39. Kg3 Kd6 40.
Kf4 Rc4 41. Rh1 Rc8 42. Kg3 Rc7 43. Kf2 Rc8 44. Ke2 Ke7 45. Kd2 Bd7 46. Rh4 Be6
47. Ne2 Rc5 48. Rb4 b5 49. Nd4 Bd7 50. Nb3 Rc8 51. Rh4 Kd6 52. Nd4 a5 53. Ne2
Rc4 54. Rh7 Be6 55. Nd4 b4 56. b3 Rc8 57. axb4 axb4 58. Rh1 Ra8 59. Rc1 Bd7 60.
Ke2 Ra2+ 61. Rc2 Rxc2+ 62. Nxc2 Bb5+ 63. Kf2 Kc5 64. Nd4 Bd3 65. Kg3 Kd6 66.
Kg4 Ba6 67. Nc2 Kc5 68. Kf4 Bd3 69. Nd4 Kd6 70. Kg3 Ba6 71. Kg4 Bf1 72. f4 Bd3
73. f5 Ke5 74. fxg6 fxg6 75. Kf3 Kd6 76. Kf4 Be4 77. Nb5+ Kc5 78. Nd4 Kd6 79.
Ne2 Bc2 80. Nc1 Bb1 81. Ne2 Bc2 82. Nd4 Be4 83. Nb5+ Kc5 84. Nd4 1/2-1/2

[Event "XXI Festival A"]
[Site "Porto San Giorgio ITA"]
[Date "2009.08.26"]
[Round "6"]
[White "Jones, Gawain C.B."]
[Black "Hera, Imre jr"]
[Result "1/2-1/2"]
[WhiteElo "2554"]
[BlackElo "2557"]
[PlyCount "74"]
[EventDate "2009.08.21"]

1. e4 c6 2. Ne2 d5 3. e5 c5 4. d4 Nc6 5. c3 cxd4 6. cxd4 Bf5 7. Nbc3 e6 8. Be3
Qb6 9. Qd2 Rc8 10. Nf4 f6 11. Bd3 Bxd3 12. Nxd3 fxe5 13. Nxe5 Nf6 14. O-O Bb4
15. a3 Bxc3 16. Qxc3 O-O 17. f3 Na5 18. Qe1 Nc4 19. b4 Qa6 20. a4 Nxe3 21. Qxe3
Qd6 22. Nd3 Rfe8 23. Rfc1 Rc4 24. b5 Nd7 25. Nc5 b6 26. Rxc4 dxc4 27. Ne4 Qd5
28. Rc1 Rd8 29. Qc3 Rc8 30. Kh1 Nf6 31. Nd2 Ne8 32. Qe3 Nd6 33. g4 Nf7 34. Qe4
Ng5 35. Qe3 Nf7 36. Qe4 Ng5 37. Qe3 Nf7 1/2-1/2

[Event "XXI Festival A"]
[Site "Porto San Giorgio ITA"]
[Date "2009.08.26"]
[Round "6"]
[White "Liguori, Renato"]
[Black "Peredy, Ferenc"]
[Result "0-1"]
[WhiteElo "2107"]
[BlackElo "2277"]
[PlyCount "66"]
[EventDate "2009.08.21"]

1. d4 e6 2. c4 b6 3. Nc3 Bb7 4. e4 Bb4 5. Bd3 f5 6. Qc2 Nf6 7. Bg5 fxe4 8. Be2
O-O 9. O-O-O d5 10. f3 exf3 11. Nxf3 Bxc3 12. bxc3 Qd6 13. Bxf6 Rxf6 14. Bd3 h6
15. Bh7+ Kh8 16. Rhf1 Nd7 17. Nh4 Nf8 18. Rxf6 gxf6 19. Ng6+ Nxg6 20. Bxg6 dxc4
21. Qf2 Kg7 22. Bc2 Qxh2 23. Re1 Bd5 24. Re3 Kf7 25. Rh3 Qxg2 26. Qh4 Qg5+ 27.
Qxg5 hxg5 28. Rh7+ Kg8 29. Rxc7 f5 30. Rd7 f4 31. Rh7 f3 32. Kd2 f2 33. Ke2 Rf8
0-1

[Event "XXI Festival A"]
[Site "Porto San Giorgio ITA"]
[Date "2009.08.26"]
[Round "6"]
[White "Maksimovic, Miodrag"]
[Black "Lantini, Marco"]
[Result "0-1"]
[WhiteElo "2041"]
[BlackElo "2194"]
[PlyCount "71"]
[EventDate "2009.08.21"]

1. e4 c5 2. Nf3 e6 3. d4 cxd4 4. Nxd4 a6 5. Bd3 Bc5 6. Nb3 Be7 7. O-O d6 8. Qe2
Nd7 9. f4 Qc7 10. Kh1 Ngf6 11. c4 b6 12. Nc3 O-O 13. Be3 Bb7 14. Rac1 Rac8 15.
Nd2 Qb8 16. Bd4 e5 17. Be3 exf4 18. Bxf4 Rfe8 19. Nd5 Bd8 20. Qf3 b5 21. cxb5
Rxc1 22. Rxc1 axb5 23. Nxf6+ Bxf6 24. Bxb5 Rd8 25. Bc4 Ne5 26. Qe2 Qa8 27. a3
Ng6 28. Qf2 d5 29. exd5 Nxf4 30. Qxf4 Bxd5 31. Bxd5 Qxd5 32. Nf3 Bxb2 33. Rf1
Bxa3 34. Ne5 Bd6 35. Qxf7+ Qxf7 36. Nxf7 0-1

[Event "XXI Festival A"]
[Site "Porto San Giorgio ITA"]
[Date "2009.08.26"]
[Round "6"]
[White "Mrdja, Milan"]
[Black "Agrifoglio, Fabio"]
[Result "1-0"]
[WhiteElo "2418"]
[BlackElo "2012"]
[PlyCount "45"]
[EventDate "2009.08.21"]

1. e4 g6 2. d4 Bg7 3. Nc3 c6 4. Bc4 b5 5. Bb3 e6 6. d5 a5 7. a3 exd5 8. exd5
Qe7+ 9. Nge2 d6 10. O-O Nh6 11. dxc6 O-O 12. Bf4 Nf5 13. Ng3 Nd4 14. Nd5 Qh4
15. c7 Nbc6 16. Bxd6 Bg4 17. f3 Ne5 18. fxg4 Nxg4 19. h3 Ne5 20. Kh2 Rfe8 21.
Rf4 Nef3+ 22. gxf3 Re2+ 23. Qxe2 1-0